Responses for show #7448 - Wednesday, January 18, 2017

Contestants

Sherri Cohen, a nonprofit writer and editor from Brooklyn, New York

Aaron Ellis, a high school physics teacher from Whitestown, Indiana

John Avila, an attorney from Arlington, Virginia (whose 2-day cash winnings total $38,201)

Jeopardy! Round responses

AMERICAN AUTHORS
4-LETTER EDIBLES
CLASSIC DISNEY TITLE CHARACTERS
FOREIGN WORDS & PHRASES
IN THE FOOTSTEPS OF HISTORY
THE BIG 3-0
    $200 16
(Sherri: Who is John Grisham?)

Scott Turow

Sherri
Triple Stumper
    $200 11
pita

John
    $200 1
Dumbo

John
    $200 13
a discotheque

Aaron
    $200 19
Jerusalem

Sherri
    $200 14
the Dow Jones Industrial Average

Aaron
    $400 28
The Red Pony

John
    $400 12
a duck

Aaron
    $400 2
Bambi

Sherri
    $400 27
a kibbutz

John
    $400 26
Jack the Ripper

John
    $400 15
ESPN

Aaron
    $600 29
Nicholas Sparks

John
    $600 10
stew

John
    $600 4
Alice

Aaron
    $600 7
"Danke Schoen"

Aaron
    $600 21
the Freedom Trail

Aaron
    $600 22
Rachael Ray

Aaron
    $800 18
The Natural

John
    $800 9
corn

Triple Stumper
    $800 5
Snow White

Sherri
    $800 3
tapas

Aaron
    $800 20
(Sherri: What is Arizona?)
(Aaron: What is New Mexico?)

Mississippi

AaronSherri
Triple Stumper
    $800 23
Judas

John
    $1000 30
Louis L'Amour

Triple Stumper
    $1000 17
ghee

Sherri
    $1000 8
(Aaron: Who is Aladdin?)

Peter Pan

AaronSherri
    $1000 6
do svidaniya

Sherri
    $2,500 25
(Alex: Sherri?)
(Sherri: What is the...)

the Long March

Sherri
    $1000 24
Sparta

Sherri

Scores at the first commercial break (after clue 15):

John Aaron Sherri
$1,000 $2,200 $3,200

Scores at the end of the Jeopardy! Round:

John Aaron Sherri
$4,400 $2,600 $1,900

Double Jeopardy! Round responses

THIS LAND IS MY LAND
SHELLFISH
SPORTS NICKNAMES
BIOGRAPHIES
CERAMICS
Y_O_Y
    $400 7
Illinois

John
    $400 14
oysters

John
    $400 2
the Four Horsemen

John
    $400 11
(J. Edgar) Hoover

Aaron
    $400 19
temperature

Aaron
    $400 20
birthday boy

Triple Stumper
    $800 1
Martha's Vineyard

John
    $800 15
lobster

Aaron
    $800 3
George Foreman

Aaron
    $800 12
Braille

John
    $800 25
eggshell

Triple Stumper
    $800 21
anonymously

Aaron
    $1200 8
Pikes Peak

John
    $1200 26
shrimp

John
    $3,000 4
the Immaculate Reception

Aaron
    $1200 13
(Aaron: Who is Audubon?)
(Sherri: Who is Adams?)

Mathew Brady

AaronSherri
Triple Stumper
    $1200 18
olive oil

John
    $1200 22
your alley

Aaron
    $1600 9
(Sherri: Who is Meriwether Clark?)

William Clark

AaronSherri
    $1600 27
(John: What is a conch?)

a scallop

JohnAaron
    $1600 5
Ozzie Smith

Aaron
    $1600 16
Proust

Sherri
    $2,000 29
(Alex: Aaron?)
[Aaron shakes his head]

Delftware

Aaron
    $1600 23
a busybody

John
    $2000 10
Rhode Island

John
    $2000 28
crabs

Triple Stumper
    $2000 6
Big Red

John
    $2000 17
Santayana

Triple Stumper
    $2000 30
Royal Doulton

Triple Stumper
    $2000 24
muscular dystrophy

Aaron

Scores at the end of the Double Jeopardy! Round:

John Aaron Sherri
$14,800 $13,600 $700

[wagering suggestions for these scores]

Final Jeopardy! Round responses

U.S. HISTORY
(Alex: [To Aaron] And we were going for a state capital. The city, not the state.)
...
(Alex: [To John] December 7, 1787. History made because Delaware became the first state to sign the U.S. Constitution. And the capital of Delaware is [*].)
SherriWhat is Massachuset
$501
AaronWhat is Albany New York?
$12,000
JohnWhat is Annapolis?
$12,401
Dover

Final scores:

John Aaron Sherri
$2,399 $1,600 $199
3-day champion: $40,600 2nd place: $2,000 3rd place: $1,000

Game dynamics:

Coryat scores:

John Aaron Sherri
$14,800 $13,800 $3,200
20 R,
1 W
20 R
(including 1 DD),
4 W
(including 1 DD)
8 R,
5 W
(including 1 DD)

Combined Coryat: $31,800

The J! Archive is created by fans, for fans. The Jeopardy! game show and all elements thereof, including but not limited to copyright and trademark thereto, are the property of Jeopardy Productions, Inc. and are protected under law. This website is not affiliated with, sponsored by, or operated by Jeopardy Productions, Inc. Join the discussion at JBoard.tv.